| 000 | 00000nas 2200000zi 4500 |
| 001 | 9.873180 |
| 003 | CaOODSP |
| 005 | 20221107163836 |
| 006 | m o d f |
| 007 | cr ||||||||||| |
| 008 | 190517d19641967onc x m o f0###|0eng|d |
| 040 | |aCaOODSP|beng|erda|cCaOODSP |
| 043 | |an-cn--- |
| 086 | 1 |aZ1-1962/1-1E-PDF |
| 130 | 0 |aStudies of the Royal Commission on Taxation. |
| 245 | 10|aStudies of the Royal Commission on Taxation. |
| 264 | 1|aOttawa : |bQueen's Printer and Controller of Stationery, |c1964-1967. |
| 310 | |aIrregular |
| 336 | |atext|btxt|2rdacontent |
| 337 | |acomputer|bc|2rdamedia |
| 338 | |aonline resource|bcr|2rdacarrier |
| 362 | 1 |aBegan with number 1; ceased with number 30. |
| 500 | |aDigitized edition from print [produced by Privy Council Office]. |
| 692 | 07|2gccst|aTaxes |
| 692 | 07|2gccst|aCommissions of inquiry |
| 710 | 1 |aCanada. |bPrivy Council Office. |
| 710 | 1 |aCanada.|bRoyal Commission on Taxation. |